书目信息 |
| 书名: | If you poison us | |
| 作者: | Peter H. Eichstaedt. | |
| 分册号: | ||
| 分册名: | 出版地: | Santa Fe, N.M. : |
|
| 出版社: | Red Crane Books | |
| 出版时间: | c1994. | |
| 页数: | xvi, 263 p., [16] p. of plates : | |
| 开本: | 24 cm. | |
| 丛书名: | ||
| 中图分类号: | ||
| 科图分类号: | ||
| 其他分类号: | D819 | |
| 主题词: | ||
| 电子资源: | ||
| 000 | 01310pam a2200337 a 450 | |
| 001 | E0731327166 | |
| 005 | 20070429084348.64 | |
| 008 | 940301s1994 nmuabf b 001 0 eng | |
| 010 | @a94007306 | |
| 020 | @a1878610406 :@c$19.95. | |
| 035 | @A(DLC) 94007306 | |
| 040 | @aDLC@cDLC@dDLC | |
| 043 | @an-ust-- | |
| 050 | 00 | @aE99.N3@bE29 1994 |
| 082 | 00 | @a363.11/962234932/089972@2 20 |
| 090 | @aD819 | |
| 099 | @dD819@ex23 | |
| 100 | 1 | @aEichstaedt, Peter H.,@d1947- |
| 245 | 10 | @aIf you poison us :@buranium and Native Americans / @cPeter H. Eichstaedt. |
| 250 | @a1st ed. | |
| 260 | @aSanta Fe, N.M. :@bRed Crane Books,@cc1994. | |
| 300 | @axvi, 263 p., [16] p. of plates :@bill. (some col.), map ;@c24 cm. | |
| 504 | @aIncludes bibliographical references (p. [251]-256) and index. | |
| 650 | 0 | @aNavajo Indians@xClaims. |
| 650 | 0 | @aNavajo Indians@xGovernment relations. |
| 650 | 0 | @aUranium mines and mining@zSouthwest, New@xHistory. |
| 650 | 0 | @aRadioactivity@zSouthwest, New@xPhysiological effect. |
| 650 | 0 | @aNavajo Indians@xSocial conditions. |
| 906 | @a7@bcbc@corignew@d1@eocip@f19@gy-gencatlg | |
| 955 | @apc14 to sa00 03-01-94; sf07 03-02-94; sf12 03-04-94; sf04 03-04-94; CIP ver. pv06 11-10-94 | |
| 991 | @bc-GenColl@hE99.N3@iE29 1994@p00015270767@tCopy 1@wBOOKS | |
| If you poison us : : uranium and Native Americans / / Peter H. Eichstaedt.-1st ed.-Santa Fe, N.M. : : Red Crane Books, , c1994. |
| xvi, 263 p., [16] p. of plates : : ill. (some col.), map ; ; 24 cm. |
| Includes bibliographical references (p. [251]-256) and index. |
| ISBN 1878610406 :$19.95. |
| ● |
| 相关链接 |
|
|
|
|
正题名:If you poison us
索取号:D819/x23
 
预约/预借
| 序号 | 登录号 | 条形码 | 馆藏地/架位号 | 状态 | 备注 |
| 1 | 6410 | 300064105 | 第二样本阅览室/ [索取号:D819/x23] | 在馆 | |
| 2 | 6411 | 300064114 | 第四借阅区/ [索取号:D819/x23] | 在馆 |